000 00633nam a2200193 i 4500
001 98760
003 ES-MaACL
007 t|
008 051024m19231927gw ||||1| ger d
245 0 0 _aHandwörterbuch der staatswissenschafteen /
_cherausgegeben von Ludwig Elster, Friedrich Wiesser, Adolf Weber.
250 _a4., gèanzlich umgearb. aufl.
260 _aJena :
_bGustav Fischer,
_c1923-27.
300 _a8 v. ;
_c27 cm.
650 1 4 _aDerecho político-
_vDiccionarios.
_911757
700 1 _aWeber, Adolf.
_9116248
700 1 _aWiesser, Friedrich.
_9116786
700 1 _aElster, Ludwig.
_947109
852 _aES-MaACL
_jC-6568-75
999 _c98760
_d98760